000 00465nab a2200145Ia 4500
003 ES-SlBCS
005 20210601134628.0
008 140529s1996 xxu||||| |||| 00| 0 spa d
041 _aspa
100 1 _aArana Castillo, R.
_9220670
245 0 0 _aEstudio mineralógico de unas muestras de la Cueva Negra de Fortuna
_c R. Arana Castillo
651 4 _aCueva Negra
_9220668
773 0 _tAntigüedad y Cristianismo
_gnº. 13, 1996, págs. 283-286
_wRev1032
942 _cAR
999 _c615532
_d615532